Yneistieto - Statistics

Yleistilastot
  • Tätä visaa on pelattu 62 kertaa
  • Keskiarvotulos 6 / 9
Vastaustilastot
Hint Vastaus % Oikein
Entäs islannin Pääkaupunki Reykjavik
98%
Kukas suomalainen presidentti on voittanut Nobelin rauhan palkinnon Ahtisaari
86%
Mikä on suomen pohjoisin kunta Utsjoki
86%
Kuinka monta aikavyöhykettä venäjällä on 11
78%
Mikä kaupunki tunnetaansuomi urheilun pääkaupunkina Lahti
69%
Mikäs on Liechtensteinin Pääkaupunki Vaduz
66%
Millä maalla on eniten aikavyöhykkeitä Ranska
47%
Millä maalla on eniten saaria Ruotsi
43%
Mikä on Eppu Normaalinkuunnelluin albumi Kahdeksas ihme
19%
Ehtoja vastaavia visoja ei löytynyt
Tulosjakauma
Jokaisen tuloksen saaneiden osuus
Persentiili vastausten määrän mukaan
Tuloshistoriasi
Et ole pelannut tätä visaa